Strategic human resource management : (Record no. 17984)

MARC details
000 -LEADER
fixed length control field 00855pam a2200265 a 4500
001 - CONTROL NUMBER
control field 015483199
003 - CONTROL NUMBER IDENTIFIER
control field OSt
005 - DATE AND TIME OF LATEST TRANSACTION
control field 20201128021025.0
008 - FIXED-LENGTH DATA ELEMENTS--GENERAL INFORMATION
fixed length control field 100202t2010 xxkak frb 001 0 eng d
020 ## - INTERNATIONAL STANDARD BOOK NUMBER
International Standard Book Number 9780077119980 (pbk.)
020 ## - INTERNATIONAL STANDARD BOOK NUMBER
International Standard Book Number 0077119983 (pbk.)
040 ## - CATALOGING SOURCE
Original cataloging agency StDuBDS
Language of cataloging eng
Transcribing agency StDuBDS
Modifying agency Uk
082 04 - DEWEY DECIMAL CLASSIFICATION NUMBER
Classification number 658.3
Edition number 22
Item number BOS
100 1# - MAIN ENTRY--PERSONAL NAME
Personal name Boselie, Paul
9 (RLIN) 34969
245 10 - TITLE STATEMENT
Title Strategic human resource management :
Remainder of title a balanced approach /
Statement of responsibility, etc Paul Boselie.
260 ## - PUBLICATION, DISTRIBUTION, ETC. (IMPRINT)
Place of publication, distribution, etc London :
Name of publisher, distributor, etc McGraw-Hill Higher Education,
Date of publication, distribution, etc c.2010.
300 ## - PHYSICAL DESCRIPTION
Extent xxii, 317 p. :
Other physical details forms, tables ;
Dimensions 25 cm.
500 ## - GENERAL NOTE
General note Index : p. 307-317.
504 ## - BIBLIOGRAPHY, ETC. NOTE
Bibliography, etc Includes bibliographical references.
650 #0 - SUBJECT ADDED ENTRY--TOPICAL TERM
Topical term or geographic name as entry element Personnel management
9 (RLIN) 994
650 #0 - SUBJECT ADDED ENTRY--TOPICAL TERM
Topical term or geographic name as entry element Strategic planning
9 (RLIN) 1643
653 ## - INDEX TERM--UNCONTROLLED
Arrived date list January2014
-- March2015
Resource For college BAEPS, Business Administration
655 ## - INDEX TERM--GENRE/FORM
Form subdivision
-- 34232
942 ## - ADDED ENTRY ELEMENTS (KOHA)
Source of classification or shelving scheme Dewey Decimal Classification
Call number prefix 658.3 BOS
Holdings
Withdrawn status Item status Source of classification or shelving scheme Damaged status Not for loan Vendor Home library Current library Shelving location Date acquired Source of acquisition Total Checkouts Total Renewals Full call number Barcode Date last seen Date last borrowed Koha item type
    Dewey Decimal Classification     Baccah Central Library Central Library First floor 28/01/2014   3 6 658.3 BOS 000035528 15/07/2025 26/09/2023 Book - Borrowing
    Dewey Decimal Classification     Baccah Central Library Central Library First floor 12/03/2015   1 1 658.3 BOS 000037485 15/07/2025 11/05/2017 Book - Borrowing